MTCP - Property taxation : 16 July - 26 August 2003

Bibliographic Details
Format: Book
Subjects:

MARC

LEADER 00000cam a2200000 7i4500
001 0000025970
005 20150519.0
040 |a INS 
090 0 0 |a MTCP 44 
245 0 0 |a MTCP - Property taxation :   |b 16 July - 26 August 2003 
650 0 0 |a Property taxation 
999 |a MTCP000258   |b BOOK   |c Course Notes   |e Default branch